| 000 | 00395nam a2200169Ia 4500 | ||
|---|---|---|---|
| 008 | 230524s9999 xx 000 0 und d | ||
| 020 | _a9788129137425 | ||
| 082 | _bBHA | ||
| 100 | _aChetan Bhagat | ||
| 245 | 0 | _aMaking Indian Awesome | |
| 250 | _a1 | ||
| 260 |
_aNew Delhi _bRupa _c2015 |
||
| 300 | _a177p; | ||
| 500 | _aQuantity Number: 1 | ||
| 650 |
_aMisalliance _941799 |
||
| 942 | _cBK | ||
| 999 |
_c56221 _d56221 |
||